<?xml version="1.0" encoding="UTF-8"?>
<record
    xmlns:xsi="http://www.w3.org/2001/XMLSchema-instance"
    xsi:schemaLocation="http://www.loc.gov/MARC21/slim http://www.loc.gov/standards/marcxml/schema/MARC21slim.xsd"
    xmlns="http://www.loc.gov/MARC21/slim">

  <leader>02416agaaa2200313   4500</leader>
  <controlfield tag="001">7033</controlfield>
  <controlfield tag="003">IT-RoPAU</controlfield>
  <controlfield tag="005">20220918181254.0</controlfield>
  <controlfield tag="007">d cvaizq</controlfield>
  <controlfield tag="008">50131s9999||||xx ||| |     ||   ||und||</controlfield>
  <datafield tag="040" ind1=" " ind2=" ">
    <subfield code="a">IT-RoPAU</subfield>
    <subfield code="c">IT-RoPAU</subfield>
  </datafield>
  <datafield tag="041" ind1=" " ind2=" ">
    <subfield code="a">ITALIANO</subfield>
  </datafield>
  <datafield tag="100" ind1=" " ind2=" ">
    <subfield code="a">Von Garnier Katja</subfield>
    <subfield code="g">Codice regista SPICS: 45896</subfield>
    <subfield code="9">50272</subfield>
  </datafield>
  <datafield tag="130" ind1=" " ind2=" ">
    <subfield code="a">DONNE SENZA TRUCCO</subfield>
    <subfield code="9">50273</subfield>
  </datafield>
  <datafield tag="245" ind1=" " ind2=" ">
    <subfield code="a">DONNE SENZA TRUCCO</subfield>
    <subfield code="c">Sceneggiatura: Taylor Benjamin Jaenicke Hannes Von Garnier Katja -- Diretto da: Von Garnier Katja</subfield>
    <subfield code="p">DONNE SENZA TRUCCO (Rif. Codice opera principale : D7033)</subfield>
  </datafield>
  <datafield tag="250" ind1=" " ind2=" ">
    <subfield code="a">Edizione Standard</subfield>
  </datafield>
  <datafield tag="260" ind1=" " ind2=" ">
    <subfield code="a">PARIGI (ITALIA)</subfield>
    <subfield code="b">VELA X - HFF / Distribuzione: DELTAVIDEO</subfield>
    <subfield code="g">"1995 (1&#xB0; ed.: 1995 ; Ed. Lingua Orig.: 1995)"</subfield>
  </datafield>
  <datafield tag="300" ind1=" " ind2=" ">
    <subfield code="a">VHS</subfield>
    <subfield code="b">sonoro, col.</subfield>
    <subfield code="c">75 minuti</subfield>
  </datafield>
  <datafield tag="508" ind1=" " ind2=" ">
    <subfield code="a">"Fotografia: Breuer Torsten; Montaggio: Von Garnier Katja; Musica: Wenke Peter; Sceneggiatura: Taylor Benjamin Jaenicke Hannes Von Garnier Katja; "</subfield>
  </datafield>
  <datafield tag="511" ind1=" " ind2=" ">
    <subfield code="a">"Riemann Katja; Kronjager Nina; Burkhard Gedeon; Tidof Max; Lunkewitz Daniela"</subfield>
  </datafield>
  <datafield tag="520" ind1=" " ind2=" ">
    <subfield code="a">RUBY LA DONNA ZANZARA E' IL TITOLO DELLA RUBRICA SETTIMANALE DI FUMETTI FIRMATA DA FRENZY CHE DA QUALCHE TEMPO, VISTA LA CRISI DI ISPIRAZIONE TROVA SPUNTO PER I SUOI FUMETTI NELLA VITA DI MAISCHA LA SUA MIGLIORE AMICA. MA LAVITA DI MAISCHA IN QUESTO MOMENTO NON E' UN GRAN CHE, L'ASSENZA DI UN NUOVO RAGAZZO CON CUI USCIRE LA RENDE PERENNEMENTE INQUIETA ED ANCHE I FUMETTI DI FRENZY RISENTONO COSI' DEL CATTIVO MOMENTO. QUANDO IL SUO EDITORE STANCODI STORIE CINICHE E TRISTI LE IMPONE DI SCRIVERE QUALCOSA DI OTTIMISTA FRENZY DECIDE DI INVITARE MAISCHA A PASSARE IL FINE SETTIMANA DA LEI E LA CONDUCE SUBITO AD UNA FESTA SPERANDO CHE QUALCOSA SUCCEDA. E COSI' E', MAISCHA INCONTRA INFATTI IL BEL RENE' E RIESCE CON LA COMPLICITA' DI FRENZY E DOPO MILLE STRATAGEMMI AD AVERE UN APPUNTAMENTO CON LUI. MARK UN AMICO DI RENE'E' GIUNTO IMPROVVISAMENTE IN CITTA' VOLENTE O NOLENTE SARA' FRENZY AD OCCUPARSENE E QUANDO LE DUE AMICHE SI INCONTRERANNO A FINE SERATA MOLTE COSE SARANNO CAMBIATE...</subfield>
  </datafield>
  <datafield tag="538" ind1=" " ind2=" ">
    <subfield code="a">PAL, STEREO</subfield>
  </datafield>
  <datafield tag="546" ind1=" " ind2=" ">
    <subfield code="a">ITALIANO</subfield>
  </datafield>
  <datafield tag="650" ind1=" " ind2=" ">
    <subfield code="a">COMMEDIA</subfield>
    <subfield code="e">FILMS [VHS]</subfield>
    <subfield code="x">Codice MATERIA SPICS: 9960</subfield>
    <subfield code="9">50274</subfield>
  </datafield>
  <datafield tag="700" ind1=" " ind2=" ">
    <subfield code="a">Von Garnier Katja </subfield>
    <subfield code="e">(regista)</subfield>
    <subfield code="g">Codice regista SPICS: 45896</subfield>
    <subfield code="9">50275</subfield>
  </datafield>
  <datafield tag="700" ind1=" " ind2=" ">
    <subfield code="a">Von Garnier Katja </subfield>
    <subfield code="e">(soggetto)</subfield>
    <subfield code="g">Codice Soggetto SPICS: 45896</subfield>
    <subfield code="9">50276</subfield>
  </datafield>
  <datafield tag="700" ind1=" " ind2=" ">
    <subfield code="a">Wenke Peter</subfield>
    <subfield code="e">(musica)</subfield>
    <subfield code="g">Codice Musica SPICS: 45895</subfield>
    <subfield code="9">50277</subfield>
  </datafield>
  <datafield tag="942" ind1=" " ind2=" ">
    <subfield code="c">VH</subfield>
    <subfield code="2">ddc</subfield>
  </datafield>
  <datafield tag="999" ind1=" " ind2=" ">
    <subfield code="c">107077</subfield>
    <subfield code="d">107077</subfield>
  </datafield>
  <datafield tag="952" ind1=" " ind2=" ">
    <subfield code="0">0</subfield>
    <subfield code="1">0</subfield>
    <subfield code="4">0</subfield>
    <subfield code="6">D_7033_000000000000000</subfield>
    <subfield code="7">1</subfield>
    <subfield code="a">SPICS</subfield>
    <subfield code="b">SPICS</subfield>
    <subfield code="d">2015-01-31</subfield>
    <subfield code="l">0</subfield>
    <subfield code="o">D7033</subfield>
    <subfield code="r">2015-01-31 00:00:00</subfield>
    <subfield code="w">2015-01-31</subfield>
    <subfield code="y">VH</subfield>
    <subfield code="z">Progr. Ins.: 673 / N.Vol.:1 / Copie: 1 / Pag.: / Copia rara: n.d. / date import: 1.2.2015 / By Epidotti, Trombetti, Vaglietti</subfield>
  </datafield>
</record>
